000 01438nam a22001817a 4500
003 IT-RoPau
005 20220918181103.0
008 130327b xxu||||| |||| 00| 0 eng d
040 _cIT-RoPau
100 _a9° Capitolo Generale
_9509
245 _aAtti e Documenti del IX Capitolo Generale
_bAriccia, 25 aprile - 15 maggio 2010
250 _a1° ed
260 _aRoma
_bSSP Casa Generalizia
_c2010
300 _a79 pp.
_c21 cm
490 _aSocietà San Paolo
520 _aIndice Governo generale eletto dal 9° Capitolo generale Presentazione del Superiore generale Don Silvio Sassi Partecipanti al 9° Capitolo generale Proposta di calendario per il 9° Capitolo generale Celebrazione del 9° Capitolo generale Saluto e Omelia del Superiore generale Don Silvio Sassi Relazione del Superiore generale sullo stato della Congregazione Documento finale del 9° Capitolo generale - Presentazione - Introduzione - Obiettivo, priorità e linee operative 1. Apostolato 2. Comunità e Spiritualità 3. Animazione vocazionale e Formazione 4. Amministrazione e Servizio dell'Autorità 5. Famiglia Paolina - Messaggio ai collaboratori della Società San Paolo - Messaggio della Famiglia Paolina - Mozioni presentate al Capitolo - Indicazione dell'Assemblea capitolare per la valorizzazione della Casa di Ariccia - Saluto e Omelia del Superiore generale Don Silvio Sassi alla Celebrazione eucaristica conclusiva
942 _2ddc
_cBK
999 _c98304
_d98304